000 00878cam a2200277 i 4500
001 13538
003 BD-JhCC
005 20240121121749.0
008 141024s2015 nyu b 001 0 eng
020 _a9780385539005 (hbk.)
035 _a(BD-JhCC)13538
040 _aDLC
_erda
_cDLC
_dDLC
041 _aeng
050 0 0 _aHV6773
_b.G66 2015
082 0 0 _a364.168
_223
_bGOO 2015
100 1 _aGoodman, Marc.
245 1 0 _aFuture crimes :
_beverything is connected, everyone is vulnerable and what we can do about it /
_cMarc Goodman.
250 _aFirst edition.
300 _aviii, 392, lx pages ;
_c25 cm
504 _aIncludes bibliographical references and index.
650 0 _aComputer crimes
_xPrevention.
650 0 _aComputer security.
650 0 _aData protection.
650 0 _aTechnological innovations
_xMoral and ethical aspects.
942 _2ddc
_cBK
999 _c13538
_d13538